| 000 | 00584nam a2200205Ia 4500 | ||
|---|---|---|---|
| 999 |
_c10032 _d10032 |
||
| 003 | OSt | ||
| 005 | 20191223132227.0 | ||
| 008 | 190216s9999||||xx |||||||||||||| ||und|| | ||
| 020 | _a9788121904346 | ||
| 020 | _a812190434X | ||
| 040 | _coclc | ||
| 082 |
_a332.4 _bGUP/M |
||
| 100 |
_aGupta, Suraj B _9656 |
||
| 245 | 0 |
_aMonetary Economics: _bInstitutions, Theory And Policy / _cSuraj B Gupta |
|
| 250 | _a4th ed. | ||
| 260 |
_bSulthan Chand&Sons, _c1998 _aDelhi: |
||
| 300 | _a460p | ||
| 650 | _aEconomics | ||
| 942 |
_cBK _2ddc _h332.4 _iGUP/M _k332.4 _mGUP/M |
||